| 000 | 00498nam a22001817a 4500 | ||
|---|---|---|---|
| 005 | 20251108164150.0 | ||
| 008 | 250721s1993 xx 000 0 ara d | ||
| 082 | 1 | 4 | _a218,7/طيب |
| 100 | 1 | _aالطيبي، عكاشة عبد المنان | |
| 245 | 1 | 0 | _aأحكام الجنائز / |
| 264 | 1 |
_aالقاهرة : _bدارا لاعتصام، _c1993. |
|
| 300 | _a87ص | ||
| 650 | 1 | 7 | _aالإسلام |
| 650 | 1 | 7 | _aالشعائر |
| 650 | 1 | 7 | _aالجنائز |
| 942 |
_2ddc _cBK |
||
| 999 |
_c5275 _d5275 |
||